Les abandons en Formule 1 - Saison 2024 - Statistiques

Statistiques générales
  • Ce quiz a été pris 65 fois
  • Le résultat moyen est 12 sur 21
Statistiques - réponses
Nombres d'abandons Où ? Réponse % Correct
5 Monaco (Accident avec Hulkenberg et Magnussen) / Canada (Accident) / Azerbaidjan (Accident avec Sainz) / Qatar (Tête à queue) / Abou Dhabi ( Accrochage avec Bottas) Sergio Perez
95%
1 Autriche (Accrochage avec Verstappen) Lando Norris
84%
2 Monaco (Accident avec Perez et Hulkenberg) / Singapour (Crevaison) Kevin Magnussen
79%
2 Monaco (Accident avec Magnussen et Perez) / Qatar (Tête à queue) Nico Hulkenberg
77%
2 Monaco (Accrochage avec Gasly) / Qatar (Accrochage avec Hulkenberg et Colapinto) Esteban Ocon
74%
1 Australie (Freins) Max Verstappen
72%
3 Canada (Accident) / Azerbaidjan (Accident avec Perez) / Bresil (Accident) Carlos Sainz
67%
6 Japon (Accrochage avec Ricciardo) / Emilie-Romagne (Retrait) / Canada (Accrochage avec Sainz) / Singapour (Surchauffe) / Mexique (Accrochage avec Tsunoda) / Las Vegas (Turbo) Alexander Albon
65%
3 Brésil (Accident) / Qatar (Accrochage avec Ocon et Hulkenberg) / Abou Dhabi (Moteur) Franco Colapinto
63%
1 Canada (Moteur) Charles Leclerc
56%
2 Chine (Moteur) / Abou Dhabi (Accrochage avec Perez) Valterri Bottas
53%
2 Japon (Accrochage avec Albon) / Chine (Accrochage avec Stroll) Daniel Ricciardo
51%
4 Chine (Accrochage avec Kevin Magnussen) / Italie (Dégats suite à une collision avec Hulkenberg) / Azerbaidjan (Dégats suite à une collision avec Stroll) / Mexique (Accrochage avec Albon) Yuki Tsunoda
49%
2 Miami (Accrochage avec Magnussen) / Canada (Accident) Logan Sargeant
47%
3 Arabie Saoudite (Boites de vitesse) / Hongrie (Hydraulique) / Las Vegas ( Moteur) Pierre Gasly
47%
2 Australie (Accident) / Grande-Bretagne (Fuite) Georges Russell
44%
3 Arabie Saoudite (Accident) / Azebaidjan (Freins) / Qatar (Dégâts suite à une collision avec Albon) Lance Stroll
44%
2 Australie (Moteur) / Texas (Sortie de Piste) Lewis Hamilton
40%
1 Mexique (Freins) Feranando Alonso
35%
2 Japon (Boite de vitesse) / Belgique (Hydraulique) Guanyu Zhou
33%
1 Abou Dhabi (Freins) Liam Lawson
26%
Aucun quiz correspondant
Distribution des résultats
% des personnes avec chaque résultat
Percentile par nombre de réponses
Votre historique - résultats
Vous n’avez pas pris ce quiz